[Event "22. Torneo de Moratalaz 2009"]
[Site "Madrid ESP"]
[Date "2009.09.21"]
[Round "6.3"]
[White "Hernandez Carmenates, Holden"]
[Black "Madina Yadarola, Martin"]
[Result "1-0"]
[WhiteElo "2561"]
[BlackElo "2282"]
[PlyCount "101"]
[EventDate "2009.09.26"]
[EventType "swiss"]
[EventRounds "9"]
[EventCountry "ESP"]
[Source "lmi"]
[SourceDate "2009.09.16"]

1. d4 Nf6 2. c4 g6 3. Nc3 Bg7 4. e4 d6 5. Nf3 O-O 6. Be2 e5 7. O-O Nc6 8. d5
Ne7 9. Ne1 c5 10. Nd3 a6 11. b4 cxb4 12. Nxb4 Nd7 13. Be3 f5 14. f3 Nc5 15. Nd3
b6 16. Rb1 Bd7 17. a4 a5 18. Qc2 Nc8 19. Nxc5 bxc5 20. Rb7 Rf7 21. Rfb1 Ra7 22.
Rxa7 Nxa7 23. Qb3 Nc8 24. Qb8 Be8 25. Bd2 Bf6 26. Nb5 fxe4 27. Bxa5 Qxa5 28.
Qxc8 Bd8 29. Nxd6 exf3 30. Bxf3 Bd7 31. Qb7 Re7 32. Qb8 e4 33. Bxe4 Bf5 34.
Nxf5 gxf5 35. Qg3+ Rg7 36. Qe5 Qxa4 37. Bxf5 Kh8 38. Rf1 Bc7 39. d6 Qc6 40. g3
Qxd6 41. Qe8+ Rg8 42. Qh5 Qe7 43. Kg2 Qg7 44. Be4 Qe7 45. Bf5 Rg5 46. Qh6 Qg7
47. Qh4 h6 48. Be6 Bd6 49. Rf2 Bf8 50. Qf4 Be7 51. Qb8+ 1-0

[Event "22. Torneo de Moratalaz 2009"]
[Site "Madrid ESP"]
[Date "2009.09.21"]
[Round "6.4"]
[White "Tejedor Ariza, Francisco"]
[Black "Moreno Ruiz, Javier"]
[Result "0-1"]
[WhiteElo "2164"]
[BlackElo "2435"]
[PlyCount "68"]
[EventDate "2009.09.26"]
[EventType "swiss"]
[EventRounds "9"]
[EventCountry "ESP"]
[Source "lmi"]
[SourceDate "2009.09.16"]

1. b3 c5 2. Bb2 Nc6 3. f4 Nf6 4. Nf3 d6 5. e3 g6 6. Be2 Bg7 7. O-O O-O 8. c4
Bf5 9. d3 e5 10. Nh4 Bc8 11. f5 e4 12. g3 exd3 13. Bxd3 Qe7 14. Re1 Ne4 15.
Bxg7 Kxg7 16. Bxe4 Qxe4 17. Nd2 Qe7 18. e4 f6 19. Nhf3 b6 20. Nb1 Ne5 21. Nh4
g5 22. Nf3 Bxf5 23. Nxe5 Qxe5 24. Nd2 Qd4+ 25. Kh1 Bg6 26. Nf3 Qxd1 27. Raxd1
Rae8 28. Kg2 Bxe4 29. Kf2 Re6 30. Nd2 d5 31. cxd5 Bxd5 32. Rxe6 Bxe6 33. Ne4
Rf7 34. Kf3 Rd7 0-1

[Event "22. Torneo de Moratalaz 2009"]
[Site "Madrid ESP"]
[Date "2009.09.21"]
[Round "6.5"]
[White "Fernandez Cardoso, Alexey"]
[Black "Cabañas Jimenez, Manuel"]
[Result "1-0"]
[WhiteElo "2413"]
[BlackElo "2139"]
[PlyCount "55"]
[EventDate "2009.09.26"]
[EventType "swiss"]
[EventRounds "9"]
[EventCountry "ESP"]
[Source "lmi"]
[SourceDate "2009.09.16"]

1. e4 c5 2. Nf3 Qa5 3. Be2 e6 4. O-O Nc6 5. Nc3 d6 6. d4 cxd4 7. Nxd4 a6 8. Be3
Nf6 9. Kh1 Nxd4 10. Bxd4 e5 11. Be3 Be6 12. f4 Qb4 13. a3 Qa5 14. f5 Bd7 15.
Bg5 Bc6 16. Bxf6 gxf6 17. Bc4 Qc5 18. Qe2 Rc8 19. Bd5 Bxd5 20. Nxd5 Qxc2 21.
Qe3 Rc5 22. Nxf6+ Kd8 23. b4 Rc6 24. Rac1 Qa4 25. Qa7 Qb5 26. Qb8+ Ke7 27. Qe8+
Kxf6 28. Qd8+ 1-0

[Event "22. Torneo de Moratalaz 2009"]
[Site "Madrid ESP"]
[Date "2009.09.22"]
[Round "7.1"]
[White "Arribas Lopez, Angel"]
[Black "Elissalt Cardenas, Hector"]
[Result "0-1"]
[WhiteElo "2481"]
[BlackElo "2322"]
[PlyCount "124"]
[EventDate "2009.09.26"]
[EventType "swiss"]
[EventRounds "9"]
[EventCountry "ESP"]
[Source "lmi"]
[SourceDate "2009.09.16"]

1. e4 g6 2. d4 Bg7 3. Nc3 c6 4. Be3 d5 5. f3 dxe4 6. fxe4 c5 7. dxc5 Bxc3+ 8.
bxc3 Qxd1+ 9. Rxd1 Nc6 10. Nf3 Nf6 11. e5 Nh5 12. Bh6 Rg8 13. Rb1 Ng7 14. Bc4
Be6 15. Bxe6 Nxe6 16. Rxb7 O-O-O 17. Rb5 g5 18. h4 g4 19. Nd2 Rd5 20. O-O Rg6
21. Be3 Rxe5 22. Re1 f5 23. g3 Nc7 24. Rbb1 Rge6 25. Kf2 Nd5 26. Nc4 Re4 27.
Bd4 f4 28. Rxe4 Rxe4 29. Rd1 Nxc3 30. Nd6+ exd6 31. Bxc3 dxc5 32. gxf4 Rxf4+
33. Kg2 Rc4 34. Rd3 h5 35. a3 Ne7 36. Bf6 Rxc2+ 37. Kg3 Nf5+ 38. Kf4 Rf2+ 39.
Kg5 Nxh4 40. Rc3 Nf3+ 41. Kxh5 g3 42. Bh4 Nxh4 43. Rxc5+ Kb7 44. Kxh4 g2 45.
Rg5 Ra2 46. Kh3 Kb6 47. Kh2 a5 48. Rg8 Kb5 49. Rb8+ Ka4 50. Ra8 Rc2 51. Kg1 Rc5
52. Kxg2 Kxa3 53. Kf3 a4 54. Ke4 Kb3 55. Rb8+ Kc3 56. Ra8 Rc4+ 57. Ke3 Kc2 58.
Ra7 Rc3+ 59. Ke2 a3 60. Ra8 Kc1 61. Ke1 Re3+ 62. Kf2 Rb3 0-1

[Event "22. Torneo de Moratalaz 2009"]
[Site "Madrid ESP"]
[Date "2009.09.22"]
[Round "7.2"]
[White "Anton Guijarro, David"]
[Black "Hernandez Carmenates, Holden"]
[Result "0-1"]
[WhiteElo "2316"]
[BlackElo "2561"]
[PlyCount "126"]
[EventDate "2009.09.26"]
[EventType "swiss"]
[EventRounds "9"]
[EventCountry "ESP"]
[Source "lmi"]
[SourceDate "2009.09.16"]

1. d4 Nf6 2. Nf3 b6 3. e3 Bb7 4. Bd3 g6 5. c4 Bg7 6. Nc3 d5 7. cxd5 Nxd5 8. O-O
O-O 9. Qe2 Nc6 10. Rd1 Ndb4 11. Bb1 e6 12. a3 Ba6 13. Qe1 Nd5 14. Bd2 Nde7 15.
Ba2 Rc8 16. b4 Bb7 17. Rac1 Nf5 18. Ne2 Nce7 19. Ng3 Bxf3 20. gxf3 Nh4 21. Qe2
Qd7 22. Kh1 Qa4 23. Bc4 Qd7 24. e4 h6 25. Be3 Kh7 26. Bf4 g5 27. Be3 f5 28. f4
gxf4 29. Bxf4 Neg6 30. Be5 f4 31. Nh5 f3 32. Qe3 Nxe5 33. dxe5 Qf7 34. Nf6+
Bxf6 35. exf6 Qxf6 36. e5 Qg7 37. Qe4+ Kh8 38. Rg1 Ng2 39. Bxe6 Rce8 40. Rc6
Re7 41. Bh3 Rf4 42. Qd5 Qf8 43. Bxg2 fxg2+ 44. Qxg2 Rh4 45. Rg6 Re8 46. Rf6 Qe7
47. Re6 Rxh2+ 48. Qxh2 Qxe6 49. f4 c5 50. bxc5 bxc5 51. Qh5 Rg8 52. Rxg8+ Kxg8
53. Kg2 c4 54. Kf2 Kg7 55. Qf3 Qb6+ 56. Kg2 Qg6+ 57. Kh2 Qc2+ 58. Kh1 Qd3 59.
Qg4+ Kh7 60. f5 Qd5+ 61. Kg1 Qg8 62. Qxg8+ Kxg8 63. Kf2 h5 0-1

[Event "22. Torneo de Moratalaz 2009"]
[Site "Madrid ESP"]
[Date "2009.09.22"]
[Round "7.3"]
[White "Moreno Ruiz, Javier"]
[Black "Fernandez Cardoso, Alexey"]
[Result "1-0"]
[WhiteElo "2435"]
[BlackElo "2413"]
[PlyCount "145"]
[EventDate "2009.09.26"]
[EventType "swiss"]
[EventRounds "9"]
[EventCountry "ESP"]
[Source "lmi"]
[SourceDate "2009.09.16"]

1. d4 d5 2. c4 c6 3. Nc3 Nf6 4. e3 e6 5. Nf3 Nbd7 6. Bd3 dxc4 7. Bxc4 b5 8. Be2
Bb7 9. O-O b4 10. Na4 c5 11. dxc5 Nxc5 12. a3 bxa3 13. Nxc5 Bxc5 14. Qa4+ Ke7
15. b4 Bd6 16. Bxa3 Qb6 17. b5 Rhd8 18. Ne5 Bxa3 19. Qxa3+ Qd6 20. Nc4 Qxa3 21.
Rxa3 Bd5 22. Rfa1 Bxc4 23. Bxc4 Rd7 24. Bf1 Nd5 25. e4 Nb6 26. e5 Rb7 27. g3
Nd5 28. f4 g6 29. Kf2 h5 30. Ra6 Kf8 31. Rc1 Rd8 32. Rc5 Rdb8 33. Rac6 Kg7 34.
Rc8 Rxc8 35. Rxc8 Nb4 36. Ke3 Rd7 37. Be2 Nd5+ 38. Kf2 Nb6 39. Rc2 Rd4 40. Ra2
Rd7 41. Bf3 Rc7 42. Bc6 Kf8 43. Ke3 Nc4+ 44. Kd4 Nb6 45. Kc5 Ke7 46. Kb4 Nc8
47. Ka5 a6 48. b6 Rxc6 49. b7 Rc5+ 50. Kxa6 Rc6+ 51. Ka5 Rc5+ 52. Kb4 Rc1 53.
Kb3 Rc6 54. b8=Q Rb6+ 55. Qxb6 Nxb6 56. Ra7+ Kf8 57. Kc3 h4 58. Kd4 Nd5 59. Rd7
hxg3 60. hxg3 Ne7 61. g4 Nc6+ 62. Kc5 Ne7 63. Kd6 Nc8+ 64. Kc5 Ne7 65. Rd8+ Kg7
66. Kd6 Nd5 67. f5 gxf5 68. gxf5 Nf4 69. f6+ Kg6 70. Ke7 Kf5 71. Kxf7 Ng6 72.
Kg7 Nxe5 73. Rd1 1-0

[Event "22. Torneo de Moratalaz 2009"]
[Site "Madrid ESP"]
[Date "2009.09.22"]
[Round "7.4"]
[White "Almagro Llamas, Pablo"]
[Black "Rodriguez de Castro, Ayar"]
[Result "1-0"]
[WhiteElo "2470"]
[BlackElo "2128"]
[PlyCount "37"]
[EventDate "2009.09.26"]
[EventType "swiss"]
[EventRounds "9"]
[EventCountry "ESP"]
[Source "lmi"]
[SourceDate "2009.09.16"]

1. e4 d6 2. d4 Nf6 3. Nc3 e5 4. Nf3 Nbd7 5. Bc4 Be7 6. O-O O-O 7. h3 c6 8. a4
a5 9. Re1 Nb6 10. Ba2 Nfd7 11. Be3 Qc7 12. Qe2 exd4 13. Nxd4 Nc5 14. Nf5 Nbxa4
15. Nxa4 Nxa4 16. Bd4 Bxf5 17. exf5 Rae8 18. Qg4 g6 19. fxg6 1-0

[Event "22. Torneo de Moratalaz 2009"]
[Site "Madrid ESP"]
[Date "2009.09.22"]
[Round "7.5"]
[White "Gemy Vargas, Jose Daniel"]
[Black "Guerra Mendez, Jose Angel"]
[Result "1/2-1/2"]
[WhiteElo "2169"]
[BlackElo "2438"]
[PlyCount "71"]
[EventDate "2009.09.26"]
[EventType "swiss"]
[EventRounds "9"]
[EventCountry "ESP"]
[Source "lmi"]
[SourceDate "2009.09.16"]

1. d4 Nf6 2. Nf3 e6 3. g3 b6 4. Bg2 Bb7 5. O-O Be7 6. c4 O-O 7. Nbd2 d6 8. Re1
Nbd7 9. e4 e5 10. b3 Re8 11. Bb2 Bf8 12. Qc2 c6 13. Rad1 Qc7 14. h3 Rad8 15.
Nf1 a5 16. Ne3 g6 17. c5 exd4 18. cxd6 Bxd6 19. Nxd4 Bb4 20. Re2 Rc8 21. f4 Nh5
22. Kh2 g5 23. Ndf5 gxf4 24. gxf4 Nxf4 25. Rxd7 Qxd7 26. Rf2 Bd6 27. Nh6+ Kf8
28. e5 Rxe5 29. Bxe5 Bxe5 30. Neg4 Bd6 31. Qxh7 Nd3+ 32. Kg1 Nxf2 33. Qh8+ Ke7
34. Qf6+ Ke8 35. Qh8+ Ke7 36. Qf6+ 1/2-1/2

[Event "22. Torneo de Moratalaz 2009"]
[Site "Madrid ESP"]
[Date "2009.09.23"]
[Round "8.1"]
[White "Hernandez Carmenates, Holden"]
[Black "Elissalt Cardenas, Hector"]
[Result "1-0"]
[WhiteElo "2561"]
[BlackElo "2322"]
[PlyCount "107"]
[EventDate "2009.09.26"]
[EventType "swiss"]
[EventRounds "9"]
[EventCountry "ESP"]
[Source "lmi"]
[SourceDate "2009.09.16"]

1. e4 g6 2. Nc3 Bg7 3. g3 e5 4. Nge2 c5 5. Bg2 Nc6 6. O-O d6 7. Nd5 Nce7 8.
Nxe7 Nxe7 9. c3 O-O 10. d3 Be6 11. Be3 Qa5 12. a3 Qc7 13. b4 b6 14. c4 Rab8 15.
Qd2 f5 16. exf5 gxf5 17. Bg5 Nc6 18. Rac1 Kh8 19. f4 h6 20. Bh4 Rbe8 21. Nc3
Qd7 22. fxe5 dxe5 23. Nd5 Bxd5 24. Bxd5 Nd4 25. Qg2 Bf6 26. Bxf6+ Rxf6 27. bxc5
bxc5 28. Rb1 Rb6 29. Rxb6 axb6 30. Qh3 Qg7 31. Qh5 Rf8 32. Rb1 Qf6 33. Kh1 Rd8
34. a4 Rf8 35. Re1 Kg7 36. g4 Qg5 37. Qxg5+ hxg5 38. Rxe5 Kf6 39. Re1 fxg4 40.
Kg2 Rh8 41. Rb1 Rh3 42. Rxb6+ Ke5 43. Rb2 Rxd3 44. Ra2 Nf5 45. Kf2 Ne3 46. Bf7
Kd4 47. Bg6 Rd1 48. Ke2 Rh1 49. Rd2+ Kxc4 50. Kxe3 Kb4 51. Be4 Re1+ 52. Re2
Rxe2+ 53. Kxe2 Kxa4 54. Kf2 1-0

[Event "22. Torneo de Moratalaz 2009"]
[Site "Madrid ESP"]
[Date "2009.09.23"]
[Round "8.2"]
[White "Almagro Llamas, Pablo"]
[Black "Moreno Ruiz, Javier"]
[Result "1-0"]
[WhiteElo "2470"]
[BlackElo "2435"]
[PlyCount "97"]
[EventDate "2009.09.26"]
[EventType "swiss"]
[EventRounds "9"]
[EventCountry "ESP"]
[Source "lmi"]
[SourceDate "2009.09.16"]

1. e4 d6 2. d4 Nf6 3. Nc3 Nbd7 4. g4 h6 5. h4 e5 6. f3 c6 7. Be3 Be7 8. Qd2 d5
9. exd5 Nxd5 10. Nxd5 cxd5 11. O-O-O e4 12. Qg2 Qa5 13. Kb1 Nf6 14. g5 Nh5 15.
fxe4 dxe4 16. d5 Bf5 17. Be2 hxg5 18. hxg5 g6 19. d6 Bf8 20. d7+ Bxd7 21. Qxe4+
Be6 22. a3 Bg7 23. Bd4 O-O-O 24. Bxg7 Nxg7 25. Rxh8 Rxh8 26. Bf3 Qb6 27. Ne2
Nf5 28. Nf4 Rh4 29. Nd5 Qd6 30. Qe1 Kb8 31. Be4 Qe5 32. Nf6 a5 33. Rd5 Qg3 34.
Rd8+ Kc7 35. Qd1 Qe5 36. Rd7+ Kb8 37. Rxb7+ Kc8 38. Rxf7 Rxe4 39. Rf8+ Kb7 40.
Qh1 Bd5 41. Nxe4 Qxe4 42. Rf7+ Kc6 43. Rf6+ Nd6 44. Qf1 Kd7 45. Qg1 Kc6 46. Qd1
Kc7 47. b3 Nb5 48. Qd2 Qe5 49. Qxa5+ 1-0

[Event "22. Torneo de Moratalaz 2009"]
[Site "Madrid ESP"]
[Date "2009.09.23"]
[Round "8.3"]
[White "Ballesteros Gonzalez, David"]
[Black "Arribas Lopez, Angel"]
[Result "1/2-1/2"]
[WhiteElo "2238"]
[BlackElo "2481"]
[PlyCount "41"]
[EventDate "2009.09.26"]
[EventType "swiss"]
[EventRounds "9"]
[EventCountry "ESP"]
[Source "lmi"]
[SourceDate "2009.09.16"]

1. d4 Nf6 2. c4 e6 3. Nc3 Bb4 4. e3 O-O 5. Nge2 Re8 6. a3 Bf8 7. e4 d6 8. Bg5
h6 9. Bh4 g5 10. Bg3 Nh5 11. h4 Bg7 12. hxg5 Qxg5 13. f4 Qg6 14. Bf2 Nf6 15. e5
Ng4 16. Bg1 Rd8 17. Qb1 f5 18. exf6 Qxf6 19. Qd3 e5 20. O-O-O exf4 21. Nd5
1/2-1/2

[Event "22. Torneo de Moratalaz 2009"]
[Site "Madrid ESP"]
[Date "2009.09.23"]
[Round "8.4"]
[White "Ciuro Muñoz, Ricardo"]
[Black "Martinez Martin, David"]
[Result "1/2-1/2"]
[WhiteElo "2113"]
[BlackElo "2399"]
[PlyCount "100"]
[EventDate "2009.09.26"]
[EventType "swiss"]
[EventRounds "9"]
[EventCountry "ESP"]
[Source "lmi"]
[SourceDate "2009.09.16"]

1. e4 c5 2. c3 g6 3. d4 cxd4 4. cxd4 d5 5. e5 Bg7 6. Nc3 Nc6 7. Nf3 Nh6 8. h3
O-O 9. g4 f6 10. Bg2 fxe5 11. Nxe5 Nxe5 12. dxe5 e6 13. O-O g5 14. Qd4 Nf7 15.
f4 b6 16. Bd2 Ba6 17. Rf2 gxf4 18. Bxf4 Qc7 19. Re1 Rad8 20. Rd2 Qe7 21. Ne2
Nh8 22. Qe3 Rd7 23. Nd4 Ng6 24. Bg3 Kh8 25. b4 Bc4 26. a3 Qe8 27. Rf2 Rdf7 28.
Rxf7 Qxf7 29. h4 h6 30. h5 Ne7 31. Rd1 Rc8 32. Rd2 Nc6 33. Rf2 Qe7 34. Nf3 Rf8
35. Nh4 Qg5 36. Qxg5 hxg5 37. Ng6+ Kg8 38. Nxf8 Bxf8 39. Rf6 Nd4 40. Bf2 Ne2+
41. Kh2 Nf4 42. Bg3 Be7 43. Rxf4 gxf4 44. Bxf4 Bh4 45. Be3 Be1 46. Bd4 Be2 47.
Bh3 Kf7 48. h6 Bd3 49. Kg2 Bd2 50. Kf2 Bxh6 1/2-1/2

[Event "22. Torneo de Moratalaz 2009"]
[Site "Madrid ESP"]
[Date "2009.09.23"]
[Round "8.5"]
[White "Rubio Mejia, Luis Ignacio"]
[Black "Suarez Uriel, Adrian"]
[Result "1/2-1/2"]
[WhiteElo "2354"]
[BlackElo "2096"]
[PlyCount "61"]
[EventDate "2009.09.26"]
[EventType "swiss"]
[EventRounds "9"]
[EventCountry "ESP"]
[Source "lmi"]
[SourceDate "2009.09.16"]

1. d4 Nf6 2. c4 g6 3. Nc3 d5 4. cxd5 Nxd5 5. Bd2 Bg7 6. e4 Nxc3 7. Bxc3 O-O 8.
Nf3 c5 9. d5 Bxc3+ 10. bxc3 Qa5 11. Qd2 Nd7 12. c4 Qc7 13. Bd3 Ne5 14. Nxe5
Qxe5 15. O-O f5 16. exf5 Bxf5 17. Bxf5 Rxf5 18. Rae1 Qf6 19. Qe3 Rc8 20. g3 b5
21. cxb5 Rxd5 22. a4 Rd4 23. Rc1 Qd6 24. Rfe1 Rc7 25. a5 Rb7 26. Qb3+ Qd5 27.
Qxd5+ Rxd5 28. a6 Rc7 29. Re6 Kf7 30. Rc6 Rxc6 31. bxc6 1/2-1/2

[Event "22. Torneo de Moratalaz 2009"]
[Site "Madrid ESP"]
[Date "2009.09.24"]
[Round "9.2"]
[White "Moreno Ruiz, Javier"]
[Black "Hernandez Carmenates, Holden"]
[Result "0-1"]
[WhiteElo "2435"]
[BlackElo "2561"]
[PlyCount "92"]
[EventDate "2009.09.26"]
[EventType "swiss"]
[EventRounds "9"]
[EventCountry "ESP"]
[Source "lmi"]
[SourceDate "2009.09.16"]

1. d4 Nf6 2. c4 e6 3. Nc3 Bb4 4. f3 d5 5. a3 Bxc3+ 6. bxc3 O-O 7. cxd5 exd5 8.
e3 c5 9. Bd3 b6 10. Ne2 Ba6 11. O-O Bxd3 12. Qxd3 Re8 13. Ng3 Nc6 14. Bb2 c4
15. Qd2 b5 16. Rae1 Re6 17. Qf2 Qd7 18. e4 Ne7 19. Bc1 Ne8 20. f4 f5 21. exf5
Rxe1 22. Rxe1 Nxf5 23. Nh5 Nfd6 24. Re5 Ne4 25. Qf3 N8f6 26. Nxf6+ gxf6 27. Rh5
a5 28. f5 b4 29. cxb4 axb4 30. axb4 Ra1 31. Qf4 Qd6 32. Qh6 Qe7 33. Qf4 Qxb4
34. h3 Qe1+ 35. Kh2 Qg3+ 36. Qxg3+ Nxg3 37. Kxg3 Rxc1 38. Rh4 Rd1 39. Rf4 c3
40. Rf2 Rxd4 41. Rc2 Rd3+ 42. Kf2 d4 43. Ra2 Kg7 44. h4 Kh6 45. g4 Rh3 46. g5+
fxg5 0-1

[Event "22. Torneo de Moratalaz 2009"]
[Site "Madrid ESP"]
[Date "2009.09.24"]
[Round "9.3"]
[White "Suarez Uriel, Adrian"]
[Black "Arribas Lopez, Angel"]
[Result "0-1"]
[WhiteElo "2096"]
[BlackElo "2481"]
[PlyCount "66"]
[EventDate "2009.09.26"]
[EventType "swiss"]
[EventRounds "9"]
[EventCountry "ESP"]
[Source "lmi"]
[SourceDate "2009.09.16"]

1. e4 c5 2. Nf3 d6 3. d4 cxd4 4. Nxd4 Nf6 5. Nc3 g6 6. Bc4 Bg7 7. O-O O-O 8.
Re1 Nc6 9. Nb3 Bg4 10. f3 Be6 11. Nd5 Rc8 12. Bf1 a5 13. a4 Bxd5 14. exd5 Nb4
15. c4 Nd7 16. Be3 Bxb2 17. Rb1 Bc3 18. Bd2 Bxd2 19. Qxd2 b6 20. f4 f5 21. Nd4
Nc5 22. g4 fxg4 23. f5 Rf6 24. fxg6 hxg6 25. Be2 e5 26. dxe6 Qe7 27. Bxg4 Rcf8
28. Rxb4 Rf4 29. h3 axb4 30. Qe3 Kg7 31. Bf3 b3 32. Bg2 b2 33. Bd5 Qg5+ 0-1

[Event "22. Torneo de Moratalaz 2009"]
[Site "Madrid ESP"]
[Date "2009.09.24"]
[Round "9.4"]
[White "Martin Duque, Jesus"]
[Black "Guerra Mendez, Jose Angel"]
[Result "0-1"]
[WhiteElo "1978"]
[BlackElo "2438"]
[PlyCount "144"]
[EventDate "2009.09.26"]
[EventType "swiss"]
[EventRounds "9"]
[EventCountry "ESP"]
[Source "lmi"]
[SourceDate "2009.09.16"]

1. e4 g6 2. d4 Bg7 3. Nc3 d6 4. g3 Nf6 5. Bg2 O-O 6. Nge2 Nbd7 7. O-O e5 8. h3
exd4 9. Nxd4 Re8 10. Nb3 a5 11. a4 Nb6 12. f4 Nfd7 13. Qd3 Nc5 14. Nxc5 dxc5
15. e5 Bf5 16. Qxd8 Raxd8 17. Be3 Bf8 18. Rf2 h5 19. Bxb7 Nc4 20. Bc1 Bxh3 21.
b3 Nb6 22. Ba3 c4 23. Bxf8 Rxf8 24. Ne4 Bf5 25. Nf6+ Kg7 26. b4 axb4 27. a5 Nc8
28. a6 Na7 29. Nd5 c5 30. Ra5 b3 31. cxb3 cxb3 32. Rxc5 Bc2 33. Rcxc2 bxc2 34.
Rxc2 Rd7 35. Nb6 Rd1+ 36. Kf2 Rfd8 37. Ke2 Rb1 38. Nc8 Nxc8 39. Bxc8 Ra1 40.
Rc7 Ra2+ 41. Ke3 Ra3+ 42. Ke2 Ra2+ 43. Ke3 Ra3+ 44. Ke2 Rxg3 45. e6 Ra3 46.
Rxf7+ Kg8 47. Rc7 Re8 48. Bd7 Rxa6 49. Bxe8 Rxe6+ 50. Kf3 Rxe8 51. Kg3 Rf8 52.
Rc5 Kg7 53. Rc6 Rf7 54. Ra6 Re7 55. Kf3 Kf7 56. Kg3 Re3+ 57. Kh4 Rf3 58. Kg5
Rg3+ 59. Kh6 h4 60. Ra7+ Kf6 61. Ra6+ Kf5 62. Ra5+ Kxf4 63. Ra4+ Kf5 64. Rxh4
g5 65. Ra4 Rh3+ 66. Kg7 g4 67. Ra5+ Kf4 68. Kg6 g3 69. Ra4+ Kf3 70. Ra3+ Kg2
71. Kg5 Kh2 72. Kg4 Rh8 0-1

[Event "22. Torneo de Moratalaz 2009"]
[Site "Madrid ESP"]
[Date "2009.09.24"]
[Round "9.5"]
[White "Gemy Vargas, Jose Daniel"]
[Black "Fernandez Cardoso, Alexey"]
[Result "0-1"]
[WhiteElo "2169"]
[BlackElo "2413"]
[PlyCount "88"]
[EventDate "2009.09.26"]
[EventType "swiss"]
[EventRounds "9"]
[EventCountry "ESP"]
[Source "lmi"]
[SourceDate "2009.09.16"]

1. d4 d5 2. Nf3 Nf6 3. g3 e6 4. Bg2 Be7 5. O-O O-O 6. b3 c5 7. Bb2 Nc6 8. Re1
Ne4 9. e3 f5 10. Nbd2 Qa5 11. c4 cxd4 12. Nxe4 dxe4 13. Nxd4 Ne5 14. Qc2 Nd3
15. Red1 a6 16. Bc3 Qc7 17. Ne2 b5 18. Nf4 bxc4 19. Nxd3 cxd3 20. Qb2 Bb7 21.
Bxg7 Ba3 22. Qxa3 Qxg7 23. Rac1 Rac8 24. Bf1 Rxc1 25. Rxc1 Bd5 26. Qd6 d2 27.
Rd1 Qc3 28. Qxa6 Ra8 29. Qb6 Rxa2 30. Qd8+ Kg7 31. Be2 Qf6 32. Qxf6+ Kxf6 33.
Bc4 Bc6 34. Kf1 Be8 35. Be2 e5 36. g4 f4 37. f3 fxe3 38. fxe4 Bf7 39. b4 Bb3
40. b5 Bxd1 41. Bxd1 Kg5 42. Ke2 Kf4 43. Kd3 Ra1 44. Ke2 Rb1 0-1